Kleinste landen qua bevolking - klik quiz - Statistieken

Algemene statistieken
  • Deze quiz is 11 keer genomen
  • De gemiddelde score is 7 van 10
Antwoorden op de kaart
Antwoorden kleurgecodeerd door een groen-rode schaal op de quizkaart volgens % correct hieronder.
 
Antwoordstatistieken
Antwoord % Correct
Nauru
100%
San Marino
86%
Dominica
71%
Marshalleilanden
71%
Saint Kitts en Nevis
71%
Tuvalu
71%
Vaticaanstad
71%
Liechtenstein
57%
Palau
57%
Monaco
29%
Geen overeenkomende quizzen gevonden
Scoreverdeling
Procent van Mensen met Elke Score
Percentiel versus Aantal Correcte Antwoorden
Uw Scoregeschiedenis
U heeft deze quiz nog niet genomen